000
00319nam a2200133Ia 4500
008
240624s9999 xx 000 0 und d
041
_a
eng
082
_a
823 LEI
100
_a
LEIB FRANKLIN ALLEN
245
_a
BEHOLD A PALE HORSE
260
_c
2000
_a
New York
_b
Forge
300
_a
303 : p. : cm. ; 21
365
_c
RS
_b
50
999
_c
8572
_d
8572